000 01164nam a2200313 i 4500
001 67688
003 ES-MaACL
005 20240228183009.0
007 t|
008 040610s2004 sp |||| | spa d
020 _a84-8183-132-8
080 _a343.301(460)"1936/39"
080 _a94(460)"1936/39"
080 _a94(460)"1939/75"
245 0 3 _aLa memoria de los olvidados :
_bun debate sobre el silencio de la represión franquista /
_cAsunción Álvarez ... [et al.] ; prólogo de Paul Preston ; coordinadores, Emilio Silva ... [et al.].
250 _a1ª ed.
260 _aValladolid :
_bÁmbito,
_c2004.
300 _a219 p. :
_bil., gráf. ;
_c21 cm.
490 1 _aAlarife ;
_v21
650 _aPersonas desaparecidas (Represión política)-
_zEspaña-
_y1936-1939.
_915978
651 4 _aEspaña-
_xHistoria-
_y1936-1939, Guerra civil-
_xAtrocidades.
_98296
651 4 _aEspaña-
_xHistoria-
_y1939-1975, Dictadura.
_9167928
700 1 _aAlvarez, Asunción.
_920616
700 0 _aPreston, Paul,
_d1946-
_993797
700 1 _aSilva, Emilio.
_9106362
830 1 _aAlarife ;
_v21
_9228713
852 4 _aES-MaACL
_jL-27872
999 _c67688
_d67688